Manushya puthran/ (Record no. 27703)

000 -LEADER
fixed length control field 00375nam a22001451a 4500
082 ## - DEWEY DECIMAL CLASSIFICATION NUMBER
Classification number M3
Item number VAR/M
100 ## - MAIN ENTRY--PERSONAL NAME
Personal name Varghese K C
9 (RLIN) 155275
245 ## - TITLE STATEMENT
Title Manushya puthran/
Statement of responsibility, etc. by Varghese K C
260 ## - PUBLICATION, DISTRIBUTION, ETC.
Place of publication, distribution, etc. Kozhikode:
Name of publisher, distributor, etc. Mulberry,
Date of publication, distribution, etc. 1999.
300 ## - PHYSICAL DESCRIPTION
Extent 160p.
650 ## - SUBJECT ADDED ENTRY--TOPICAL TERM
Topical term or geographic name entry element Novel Malayalam
9 (RLIN) 155276
650 ## - SUBJECT ADDED ENTRY--TOPICAL TERM
Topical term or geographic name entry element Literature Malayalam
9 (RLIN) 155277
650 ## - SUBJECT ADDED ENTRY--TOPICAL TERM
Topical term or geographic name entry element Literature
9 (RLIN) 155278
942 ## - ADDED ENTRY ELEMENTS (KOHA)
Koha item type Book
Holdings
Withdrawn status Lost status Damaged status Not for loan Permanent Location Current Location Date acquired Cost, normal purchase price Total Checkouts Full call number Barcode Date last seen Cost, replacement price Price effective from Koha item type
        Sree Sankaracharya University of Sanskrit Sree Sankaracharya University of Sanskrit 08.01.2015 66.00   M3 VAR/M 015806 08.01.2015 0.00 08.01.2015 Book